| 000 | 00659mam a2200217 a 4500 | ||
|---|---|---|---|
| 001 | 2803237 | ||
| 003 | ARRUPE | ||
| 005 | 20140121143443.0 | ||
| 008 | 000324s2000 enk b 001 0 eng d | ||
| 020 | _a085955256X | ||
| 035 | _a(OCoLC)ocm43806650 | ||
| 040 |
_aEQO _cEQO _dNNC |
||
| 100 | 1 |
_aOakeshott, Robert. _96836 |
|
| 245 | 1 | 0 |
_aJobs and fairness : _bthe logic and experience of employee ownership / _cRobert Oakeshott. |
| 260 |
_aNorwich : _bMichael Russell, _cc2000. |
||
| 300 |
_a710 p. ; _c24 cm. |
||
| 504 | _aIncludes bibliography (p. [693]-698) and index. | ||
| 650 | 0 |
_aEmployee ownership. _96837 |
|
| 942 |
_2lcc _cMONOGRAPH |
||
| 999 |
_c119621 _d119621 |
||